00473cam a22002051 4500001001300000003000400013005001700017008004100034010001700075035002000092040001800112042001200130050001900142100001800161245002600179260001100205300001900216500001500235999001700250sa 64002827 DLC20260227112012.0881028s1963 xx 000 0 beno  asa 64002827  a(OCoLC)23545872 aDLCcMiUdDLC apremarc00aPK1718.D37bK51 aDatta, Sunil.10aKhara nadì„ra srote. c[1963] a117 p.c19 cm. aRomanized. c57528d57528